ARRUPE JESUIT UNIVERSITY

CORONAVIRUS -STOP THE SPREAD - CLEAN,DISINFECT,COVER

The concepts and theories of modern physics. (Record no. 121641)

MARC details
000 -LEADER
fixed length control field 01017cam a2200325 4500
001 - CONTROL NUMBER
control field 583049
003 - CONTROL NUMBER IDENTIFIER
control field ARRUPE
005 - DATE AND TIME OF LATEST TRANSACTION
control field 20150129171900.0
008 - FIXED-LENGTH DATA ELEMENTS--GENERAL INFORMATION
fixed length control field 870723s1960 mau 001 0 eng
010 ## - LIBRARY OF CONGRESS CONTROL NUMBER
LC control number 60005737/L
035 ## - SYSTEM CONTROL NUMBER
System control number (OCoLC)305997
035 ## - SYSTEM CONTROL NUMBER
System control number (OCoLC)ocm00305997
035 ## - SYSTEM CONTROL NUMBER
System control number (CStRLIN)NYCG87-B62780
035 ## - SYSTEM CONTROL NUMBER
System control number (NNC)583049
040 ## - CATALOGING SOURCE
Transcribing agency OYU
Modifying agency PPT
-- CStRLIN
-- NIC
-- NNC
050 0# - LIBRARY OF CONGRESS CALL NUMBER
Classification number QC73
Item number .S78 1960
082 0# - DEWEY DECIMAL CLASSIFICATION NUMBER
Classification number 530.101
090 ## - LOCALLY ASSIGNED LC-TYPE CALL NUMBER (OCLC); LOCAL CALL NUMBER (OCLC)
Classification number (OCLC) (R) ; Classification number, CALL (RLIN) (NR) QC73
Local cutter number (OCLC) ; Book number/undivided call number, CALL (RLIN) .S78 1960
300 ## - PHYSICAL DESCRIPTION
Dimensions 22 cm.
100 1# - MAIN ENTRY--PERSONAL NAME
Personal name Stallo, John Bernhard
Fuller form of name (John Bernhard),
Dates associated with a name 1823-1900.
9 (RLIN) 13872
245 14 - TITLE STATEMENT
Title The concepts and theories of modern physics.
Statement of responsibility, etc Edited by Percy W. Bridgman.
260 ## - PUBLICATION, DISTRIBUTION, ETC. (IMPRINT)
Place of publication, distribution, etc Cambridge, Mass.,
Name of publisher, distributor, etc Belknap Press of Harvard University Press,
Date of publication, distribution, etc 1960.
300 ## - PHYSICAL DESCRIPTION
Extent 325 p.
490 1# - SERIES STATEMENT
Series statement John Harvard library
650 #0 - SUBJECT ADDED ENTRY--TOPICAL TERM
Topical term or geographic name as entry element Physics
General subdivision Philosophy.
9 (RLIN) 13873
650 #0 - SUBJECT ADDED ENTRY--TOPICAL TERM
Topical term or geographic name as entry element Force and energy.
9 (RLIN) 13699
700 ## - ADDED ENTRY--PERSONAL NAME
Personal name Bridgman, P.W. (ed.)
9 (RLIN) 14819
830 #0 - SERIES ADDED ENTRY--UNIFORM TITLE
Uniform title John Harvard library.
9 (RLIN) 13874
942 ## - ADDED ENTRY ELEMENTS (KOHA)
Source of classification or shelving scheme Library of Congress Classification
Koha item type Monograph ( Printed materials)
Holdings
Withdrawn status Lost status Source of classification or shelving scheme Damaged status Not for loan Collection code Home library Current library Shelving location Date acquired Total Checkouts Full call number Barcode Date last seen Price effective from Koha item type
    Library of Congress Classification     Main Collection ARRUPE LIBRARY ARRUPE LIBRARY Main Collection 14/01/2015   QC73 .S78 1960 46500003320 02/07/2019 14/01/2015 Monograph ( Printed materials)

 

Arrupe Library. PO Box MP320 Mt Pleasant, Harare, Zimbabwe
263 242 745411|librarian@aju.ac.zw